01103nam a2200289 i 450000100060000000300090000600500170001500700030003200800410003501700170007604000130009308000240010624500530013026000500018330000280023350500960026150501100035761000320046765100660049965500400056570000210060571000300062674000360065685200320069285200280072485200610075213539ES-MaACL20250704062539.0t|980429s1986 sp a |||| | spa d aM 41492-1981 cES-MaACL a946"1936/39"(064.3)00aMadrid en guerra : bGaceta del Museo Municipal. aMadrid : bMuseo Municipal de Madrid, c1986. a2 v. : bil. ; c32 cm.8 aContiene: 1. Gaceta del Museo Municipal [artículos y catálogo] - 2. Suplemento en color8 aContiene: El Ateneo de Madrid (1936-1939) / Fernanda Andura Varela, p. 78-86: il. (bibliografía: p. 86)24aAteneo de Madrid-vHistoria 4aEspaña-xHistoria-y1936-1939, Guerra civil-vExposiciones. 72tgfbneaCatálogos de exposiciones0 aAndura, Fernanda2 aMuseo Municipal de Madrid32aEl Ateneo de Madrid (1936-1939)4 aES-MaACLjL-20825-26cDEPO24 aES-MaACLjB-289-90cSPB4 aES-MaACLjN-8760cDEPOJxEncuadernación rústicapv.1